Normal view
MARC view
- BRASHER, R. E,GARRISON, C
Entry Personal Name
001 - CONTROL NUMBER
- control field: 75038
003 - CONTROL NUMBER IDENTIFIER
- control field: NUST
005 - DATE AND TIME OF LATEST TRANSACTION
- control field: 20210628205335.0
008 - FIXED-LENGTH DATA ELEMENTS
- fixed length control field: 210628|| aca||aabn | a|a d
040 ## - CATALOGING SOURCE
- Original cataloging agency: NUST
- Transcribing agency: NUST
100 ## - HEADING--PERSONAL NAME
- Personal name: BRASHER, R. E,GARRISON, C
670 ## - SOURCE DATA FOUND
- Source citation: Work cat.: (NUST): BRASHER, R. E,GARRISON, C, MODERN HOUSEHOLD EQUIPMENT, 1982
